000 00959nam a22002657a 4500
999 _c21395
_d21395
003 AR-CdUCM
008 190506b ||||| |||| 00| 0 spa d
020 _a9786124191268
040 _aMUNICIPALIDAD PROVINCIAL DEL CUSCO
_cBIBLIOTECA MUNICIPAL DEL CUSCO
082 _a510/E31
_bE31
100 _aEgoavil Vera, Juan Raul
_944620
245 _aFundamentos de matemáticas :
_bintroducción al nivel universitario /
260 _aLima ;
_bUniversidad Peruana de Ciencias Aplicadas,
_c2014.
300 _a511 Páginas. :
_c21x30 cm.
505 _aContenido: Fundamentos de Aritmética, Álgebra, Geometría y Trigonometría ...
650 _aMatemáticas
_99398
650 _aAritmética
_944621
650 _aÁlgebra
_944622
650 _aGeometría
_944623
650 _aTrigonometría
_944624
650 _aEjercicios de aplicación
_944625
710 _aUniversidad Peruana de Ciencias Aplicadas UPC
_944601
942 _2ddc
_cLIBROS
945 _aRoel